[Event "New White Plus GM open"]
[Site "Dhaka BAN"]
[Date "2002.03.30"]
[Round "1"]
[White "Uddin,S"]
[Black "Mishra,N"]
[Result "1-0"]
[WhiteElo "2159"]
[BlackElo "2321"]

1.e4 c5 2.Nf3 e6 3.d4 cxd4 4.Nxd4 Nc6 5.Nc3 Qc7 6.Be2 a6 7.O-O b5 8.Nxc6 dxc6
9.f4 Bb7 10.Qe1 h5 11.Be3 Nf6 12.h3 b4 13.e5 bxc3 14.exf6 cxb2 15.Rd1 gxf6
16.Qc3 Be7 17.Qxb2 c5 18.Rb1 Be4 19.Bf3 Qc6 20.Qc3 Rg8 21.Kh2 Rd8 22.Qc4 f5
23.Bxe4 fxe4 24.Qe2 h4 25.Qh5 Qd5 26.f5 Qe5+ 27.Rf4 Bg5 28.Rf1 exf5 29.Kh1 Bxf4
30.Bxf4 Qg7 31.Qe2 Qg6 32.Rg1 Qe6 33.a4 Rg6 34.Qf2 Qe7 35.Be3 Rd5 36.c4 Rd3
37.Bxc5 Qe5 38.Bb4 Qg3 39.Qxf5 Re6 40.Rf1 Rd7 41.Qxe6+  1-0

[Event "SVK-Cup"]
[Site "Trencianske Teplice SVK"]
[Date "2002.03.30"]
[Round "2"]
[White "Simacek,P"]
[Black "Zetocha,C"]
[Result "1-0"]
[WhiteElo "2411"]
[BlackElo "2418"]

1.e4 c5 2.Nc3 Nc6 3.Nf3 e6 4.d4 cxd4 5.Nxd4 Qc7 6.g3 a6 7.Bg2 Nf6 8.O-O d6
9.Re1 Be7 10.Nxc6 bxc6 11.e5 dxe5 12.Rxe5 O-O 13.Bf4 Qb7 14.Na4 Nd5 15.Bd2 Qb8
16.Re1 Rd8 17.c4 Nb4 18.Qe2 Nd3 19.Red1 Qe5 20.Be3 Qf5 21.Bb6 Bb7 22.Be4 Nf4
23.gxf4 Rxd1+ 24.Rxd1 Qxf4 25.Qf3 Qh4 26.Rd7 Bc8 27.Rc7 Qg5+ 28.Kh1 f5 29.Bxc6 Bd6
30.Qe3 f4 31.Rxc8+  1-0

[Event "SVK-Cup"]
[Site "Trencianske Teplice SVK"]
[Date "2002.03.30"]
[Round "2"]
[White "Movsesian,S"]
[Black "Hasangatin,R"]
[Result "1-0"]
[WhiteElo "2624"]
[BlackElo "2480"]

1.e4 c5 2.Nc3 e6 3.Nf3 Nc6 4.d4 cxd4 5.Nxd4 Bb4 6.Nxc6 dxc6 7.Qg4 Qf6 8.Bd2 e5
9.Qg3 h6 10.O-O-O Ne7 11.h4 Ng6 12.Kb1 Bc5 13.Be3 Bb6 14.Na4 Bxe3 15.Qxe3 O-O
16.g3 Bg4 17.Be2 Bxe2 18.Qxe2 Rfd8 19.Nc5 Rxd1+ 20.Rxd1 b6 21.Nd3 Rd8 22.h5 Nf8
23.f4 exf4 24.gxf4 Ne6 25.Rf1 Qh4 26.c3 c5 27.f5 Ng5 28.Nf4 Nh3 29.Nd5 Ng5
30.Nf4 Nh3 31.Nxh3 Qxh3 32.Kc2 c4 33.e5 Kh8 34.e6 fxe6 35.fxe6 Qd3+ 36.Qxd3 cxd3+
37.Kd2 Kg8 38.Re1 Re8 39.Kxd3 g6 40.hxg6 Kg7 41.Kd4 Kf6 42.Rf1+ Kxg6 43.Ke5 h5
44.Rg1+ Kh6 45.Kd6 Rd8+ 46.Kc7  1-0

[Event "New White Plus GM open"]
[Site "Dhaka BAN"]
[Date "2002.04.01"]
[Round "3"]
[White "Hasan,K"]
[Black "Mishra,N"]
[Result "1/2-1/2"]
[WhiteElo "2201"]
[BlackElo "2321"]

1.e4 c5 2.Nc3 e6 3.Nf3 Nc6 4.d4 cxd4 5.Nxd4 Qc7 6.Be3 a6 7.Bd3 Nf6 8.O-O Ne5
9.h3 b5 10.f4 Nc4 11.Bxc4 Qxc4 12.Qd3 Bb7 13.a4 Qxd3 14.cxd3 b4  1/2-1/2

[Event "New White Plus GM open"]
[Site "Dhaka BAN"]
[Date "2002.04.03"]
[Round "5"]
[White "Wong Zi Jing"]
[Black "Mishra,N"]
[Result "0-1"]
[WhiteElo "2256"]
[BlackElo "2321"]

1.e4 c5 2.Nf3 e6 3.d4 cxd4 4.Nxd4 Nc6 5.Nc3 Qc7 6.f4 Nxd4 7.Qxd4 a6 8.Be2 b5
9.Be3 Bb7 10.O-O-O Rc8 11.Rd2 Nf6 12.Bf3 Bc5 13.Qxc5 Qxc5 14.Bxc5 Rxc5 15.a3 e5
16.f5 Ke7 17.g4 Rhc8 18.g5 Ne8 19.Rhd1 d6 20.Ne2 f6 21.h4 a5 22.b3 b4 23.axb4 axb4
24.Kb2 Rc3 25.Ng1 Re3 26.Rd3 Rc3 27.Ra1 Kd8 28.Ra7 Bxe4 29.Bxe4 Rxe4 30.gxf6 gxf6
31.Rxc3 bxc3+ 32.Kxc3 Re1 33.Rxh7 Rxg1 34.h5 Rg3+ 35.Kc4 Ng7 36.Kd5 Nxf5
37.Ke6 Nd4+ 38.Kxd6 Ke8 39.h6 Kf8 40.Rb7 Kg8 41.b4 Nxc2 42.Ke6 e4 43.Kxf6 e3
44.Re7 Rg2  0-1

[Event "New White Plus GM open"]
[Site "Dhaka BAN"]
[Date "2002.04.05"]
[Round "7"]
[White "Goloshchapov,A"]
[Black "Mishra,N"]
[Result "1-0"]
[WhiteElo "2545"]
[BlackElo "2321"]

1.e4 c5 2.Nf3 e6 3.d4 cxd4 4.Nxd4 Nc6 5.Nc3 Qc7 6.Be3 a6 7.Qd2 Nf6 8.O-O-O b5
9.Bf4 Ne5 10.Nf3 Nxf3 11.gxf3 Qc6 12.Rg1 Bb7 13.Kb1 Rc8 14.a3 b4 15.axb4 Bxb4
16.Be5 Bf8 17.Bc4 Qxc4 18.Bxf6 Bc6 19.Bxg7 Bxg7 20.Rxg7 Qc5 21.Qf4 Rf8 22.Rdg1 a5
23.Rxh7 a4 24.Rg8 Rxg8 25.Qxf7+ Kd8 26.Qxg8+ Kc7 27.Qxe6 a3 28.Qe7 Qc4 29.Qe5+ Kb7
30.bxa3 Ra8 31.Na2 Qf1+ 32.Kb2 Qxf2 33.Qc3 Rc8 34.Nb4 Bb5 35.Qe5 Ba4 36.Qd5+ Kc7
37.Qa5+ Kb7 38.Qxa4 Qd4+ 39.Ka2  1-0

[Event "FSGMA April"]
[Site "Budapest HUN"]
[Date "2002.04.06"]
[Round "5"]
[White "Bokros,A"]
[Black "Flumbort,A"]
[Result "1/2-1/2"]
[WhiteElo "2435"]
[BlackElo "2414"]

1.e4 c5 2.Nf3 Nc6 3.d4 cxd4 4.Nxd4 e6 5.Nc3 Qc7 6.Be2 a6 7.O-O Nf6 8.Kh1 Be7
9.f4 d6 10.Be3 O-O 11.Qe1 Nxd4 12.Bxd4 b5 13.a3 Bb7 14.Qg3 Bc6 15.Rae1 Rae8
16.Bf3 Bd8  1/2-1/2

[Event "TCh-CZE 2001-2"]
[Site "CZE"]
[Date "2002.04.06"]
[Round "10"]
[White "Navara,D"]
[Black "Haba,P"]
[Result "1/2-1/2"]
[WhiteElo "2531"]
[BlackElo "2496"]

1.e4 c5 2.Nf3 e6 3.d4 cxd4 4.Nxd4 Nc6 5.Nc3 Qc7 6.g3 a6 7.Bg2 Nf6 8.O-O Nxd4
9.Qxd4 Bc5 10.Bf4 d6 11.Qd2 h6 12.Rad1 e5 13.Be3 Bg4 14.Bxc5 dxc5 15.f3 Be6
16.Rfe1 Rd8 17.Qxd8+ Qxd8 18.Rxd8+ Kxd8 19.f4 Kc7 20.Nd5+ Bxd5 21.exd5 e4
22.Kf1 Kd6 23.Bxe4 Re8 24.Bf3 Rxe1+ 25.Kxe1 b5 26.Kd2 Nxd5 27.a3 a5 28.Kd3 Nb6
29.Be2 b4 30.c3 bxa3 31.bxa3 f5 32.Bd1 g6 33.Bb3 Ke7 34.Ke3 Kf6 35.Kf3 h5
36.Kg2 Nc8 37.Bc4 Nb6 38.Bb3 Nc8 39.Kf3 Nd6 40.Ke3 Nc8 41.Ba4 Ke7 42.Kd3 Nb6  1/2-1/2

[Event "ClubCh-EST"]
[Site "Tallinn EST"]
[Date "2002.04.06"]
[Round "8"]
[White "Tsiganova,M"]
[Black "Fomina,T"]
[Result "1-0"]
[WhiteElo "2249"]
[BlackElo "2242"]

1.e4 c5 2.Nf3 e6 3.d4 cxd4 4.Nxd4 Nc6 5.Nc3 Qc7 6.g3 a6 7.Bg2 b5 8.O-O Bb7
9.Be3 Rc8 10.Nb3 Nf6 11.Nc5 d6 12.Nxb7 Qxb7 13.a3 Be7 14.Qe2 O-O 15.f4 Qc7
16.Rad1 Na5 17.Rd3 Nc4 18.Bc1 Rfd8 19.Kh1 Nb6 20.Rfd1 Qc4 21.b3 Qc7 22.Bb2 Qc5
23.R1d2 d5 24.Qd1 Rd7 25.exd5 Nbxd5 26.Nxd5 Nxd5 27.Bxd5 Rxd5 28.Rc3 Qxc3
29.Bxc3 Rxc3 30.Rxd5 exd5 31.Qe1 Rc7 32.Qe5 Rd7 33.Kg2 d4 34.Kf2 Bf8 35.Qf5 Rc7
36.a4 bxa4 37.bxa4 Rc4 38.Ke2 Rxa4 39.Kd3 Rb4 40.Qa5 Rb5 41.Qxa6 Rd5 42.Qa4 g6
43.g4 h6 44.Ke4 Rd8 45.h4 Kg7 46.Qb5 Kg8 47.h5 gxh5 48.Qxh5 Bg7 49.g5 hxg5
50.Qxg5 Re8+ 51.Kd3 Re3+ 52.Kd2 Re6 53.Qd8+ Kh7 54.f5 Rh6 55.Qc7 Rf6 56.Qd7 Kh6
57.Kd3 Kg5 58.Ke4 Kh6  1-0

[Event "TCh-CZE 2001-2"]
[Site "CZE"]
[Date "2002.04.07"]
[Round "11"]
[White "Bernard,B"]
[Black "Chloupek,S"]
[Result "1/2-1/2"]
[WhiteElo "2347"]
[BlackElo "2330"]

1.e4 c5 2.Nf3 e6 3.d4 cxd4 4.Nxd4 Nc6 5.Nc3 Qc7 6.g3 a6 7.Bg2 Nf6 8.O-O d6
9.Bg5 Be7 10.Nxc6 bxc6 11.Qe2 O-O 12.Rfe1 Rb8 13.b3 h6 14.Bd2 Rd8 15.Na4 Nd7
16.c4 Bf6 17.Rad1 c5 18.Bc3 Bxc3 19.Nxc3 Ne5 20.Qh5 Nc6 21.f4 Bb7 22.f5 Qe7  1/2-1/2

[Event "III Open"]
[Site "Dos Hermanas ESP"]
[Date "2002.04.07"]
[Round "3"]
[White "Hamdouchi,H"]
[Black "Teran Alvarez,I"]
[Result "1-0"]
[WhiteElo "2522"]
[BlackElo "2392"]

1.e4 c5 2.Nc3 e6 3.Nf3 Nc6 4.d4 cxd4 5.Nxd4 Qc7 6.g3 a6 7.Bg2 Nf6 8.O-O Be7
9.Be3 O-O 10.f4 d6 11.Kh1 Re8 12.a4 Rb8 13.e5 dxe5 14.fxe5 Nxe5 15.Bf4 Nfd7
16.Qe2 g5 17.Be3 h6 18.Ne4 Nc5 19.Nf6+ Bxf6 20.Rxf6 Kg7 21.Raf1 Ncd7 22.Qf2 Nf8
23.Nb5 axb5 24.Bb6 Qd7 25.Bd4 bxa4  1-0

[Event "III Open"]
[Site "Dos Hermanas ESP"]
[Date "2002.04.08"]
[Round "4"]
[White "Castano,D"]
[Black "Hernandez,Gi"]
[Result "0-1"]
[WhiteElo "2165"]
[BlackElo "2547"]

1.e4 c5 2.Nf3 e6 3.d4 cxd4 4.Nxd4 Nc6 5.Nc3 Qc7 6.Ndb5 Qb8 7.Be3 Nf6 8.f4 a6
9.e5 axb5 10.exf6 gxf6 11.Ne4 Be7 12.Qg4 Nb4 13.Qg7 Rf8 14.Bd3 Nd5 15.Bd2 f5
16.Nc3 Nxf4 17.Bxb5 Nh5 18.Qxh7 Qe5+  0-1

[Event "ch-MGL w"]
[Site "Ulaanbaatar MGL"]
[Date "2002.04.08"]
[Round "7"]
[White "Mongontuul,B"]
[Black "Batceceg,T"]
[Result "1-0"]
[WhiteElo "2220"]
[BlackElo "2215"]

1.e4 c5 2.Nf3 Nc6 3.d4 cxd4 4.Nxd4 e6 5.Nc3 Qc7 6.Be3 a6 7.Qd2 b5 8.O-O-O Nf6
9.f3 Be7 10.g4 d6 11.h4 Bb7 12.Kb1 Nd7 13.Qf2 Nce5 14.g5 b4 15.Nce2 d5 16.exd5 Bxd5
17.Nf4 Bc4 18.Bxc4 Qxc4 19.Nh5 O-O 20.Qg2 Qc7 21.Bf4 Qb7 22.Qe2 Qc7 23.Rhe1 Bd6
24.Nb3 Rfd8 25.Rxd6 Qxd6 26.Bxe5 Nxe5 27.Qxe5 Qxe5 28.Rxe5 Rd1+ 29.Nc1 Rh1
30.Re4 a5 31.Ng3 Rh3 32.Nce2 Rd8 33.Kc1 Kf8 34.c3 bxc3 35.bxc3 Rd3 36.Nf4 Rxc3+
37.Kb2 Rxf3 38.Nxh3 Rxg3 39.Nf4 Ke7 40.Ra4 Rf3 41.Kc2 Kd6 42.Nh5 h6 43.Nxg7 hxg5
44.hxg5 Rg3 45.Rxa5 Rg2+ 46.Kd3 e5 47.Nf5+ Ke6 48.Ne3 Rxg5 49.Ra6+ Kd7 50.Ke4 Rh5
51.Nf5 Rh2 52.Kxe5 Kc7 53.a3 Ra2 54.Nd6 Re2+ 55.Kd5 Rd2+ 56.Kc5 Rc2+ 57.Nc4 Rf2
58.Ra7+ Kb8 59.Re7 f5 60.Rf7 f4 61.a4 f3 62.Kb6 Kc8 63.Rf8+ Kd7 64.Rxf3  1-0

[Event "III Open"]
[Site "Dos Hermanas ESP"]
[Date "2002.04.09"]
[Round "5"]
[White "Kolev,At"]
[Black "Korneev,O"]
[Result "1-0"]
[WhiteElo "2568"]
[BlackElo "2568"]

1.e4 c5 2.Nf3 e6 3.d4 cxd4 4.Nxd4 Nc6 5.Nc3 Qc7 6.g3 a6 7.Bg2 d6 8.O-O Nf6
9.a4 Be7 10.Be3 O-O 11.Kh1 Re8 12.f4 Bd7 13.Nb3 Na5 14.e5 Nxb3 15.exf6 Nxa1
16.fxe7 Nxc2 17.Qxc2 Bc6 18.f5 Bxg2+ 19.Qxg2 Qc6 20.f6 Qxg2+ 21.Kxg2 gxf6
22.Ne4 Rxe7 23.Nxf6+ Kh8 24.Bh6 e5 25.Rf5 Re6 26.Rg5 Rxf6 27.Bg7+ Kg8 28.Bxf6+ Kf8
29.Rg7 Rc8 30.Rxh7 Rc2+ 31.Kf3 Ke8 32.h4 Rxb2 33.h5 Kd7 34.h6 Ke6 35.Bh4 Rc2
36.Rh8 Kf5 37.Rg8 d5 38.g4+  1-0

[Event "III Open"]
[Site "Dos Hermanas ESP"]
[Date "2002.04.12"]
[Round "8"]
[White "Martinez Martin,D"]
[Black "Pogorelov,R"]
[Result "0-1"]
[WhiteElo "2366"]
[BlackElo "2460"]

1.e4 c5 2.Nf3 Nc6 3.d4 cxd4 4.Nxd4 e6 5.Nc3 d6 6.Be2 Nf6 7.O-O Be7 8.Kh1 O-O
9.Be3 Bd7 10.f4 Nxd4 11.Bxd4 Bc6 12.Bf3 Qc7 13.Qe1 e5 14.fxe5 dxe5 15.Qg3 Bd6
16.Be3 Kh8 17.Rae1 b5 18.Bg5 Ng8 19.Bg4 f6 20.Bc1 b4 21.Nd5 Bxd5 22.exd5 g6
23.Be6 Qxc2 24.h4 Qc7 25.h5 Qg7 26.Qh3 g5 27.b3 a5 28.Bb2 Nh6 29.Rc1 g4 30.Qe3 Rad8
31.Rc4 Nf7 32.Rxg4 Ng5 33.Rc1 Qe7 34.Rxg5 fxg5 35.Rc6 Kg7 36.Ra6 Kh6 37.Bg4 Rf1+
38.Kh2 Rf6 39.Kh3 Bb8 40.Rxa5 Qd6 41.Rb5 Bc7 42.Rb7 Rf4 43.Rxc7 Qxc7 44.Bxe5 Re8
45.Qxf4 Qxe5 46.Qxb4 Qxd5 47.Qb6+ Kg7 48.h6+ Kg8 49.Qf6 Qe5 50.Qxe5 Rxe5
51.Bf3 Kf7 52.b4 Kf6 53.a4 Re3 54.a5 Ra3 55.Kh2 Ke5 56.Bb7 g4 57.a6 g3+ 58.Kh3 Kf4
59.Kh4 Ra1 60.Bc8 Rh1+ 61.Bh3 Rb1 62.Bd7 Rd1 63.Bg4 Rb1 64.Bd7 Rxb4 65.Kh5 Rb6
66.Bc8 Rb5+ 67.Kh4 Ra5 68.Bb7 Ra1 69.Bc8 Rc1 70.Bd7 Rc7 71.Bb5 Re7 72.Bd3 Re1  0-1

[Event "III Open"]
[Site "Dos Hermanas ESP"]
[Date "2002.04.13"]
[Round "9"]
[White "Hernandez,Gi"]
[Black "Teran Alvarez,I"]
[Result "1/2-1/2"]
[WhiteElo "2547"]
[BlackElo "2392"]

1.e4 c5 2.Nf3 e6 3.d4 cxd4 4.Nxd4 Nc6 5.Nc3 Qc7 6.g3 a6 7.Bg2 Nf6 8.O-O Be7
9.Be3 O-O 10.a4 d6 11.Qe2 Bd7 12.Nb3 b6 13.f4 Bc8 14.g4 Bb7 15.g5 Nd7 16.Rad1 Rfe8
17.h4 Nb4 18.Qf2 Bf8 19.Rd4 d5 20.exd5  1/2-1/2

[Event "Classics IMA"]
[Site "Gausdal NOR"]
[Date "2002.04.13"]
[Round "3"]
[White "Trygstad,K"]
[Black "Byklum,B"]
[Result "1-0"]
[WhiteElo "2313"]
[BlackElo "2168"]

1.e4 c5 2.Nf3 e6 3.d4 cxd4 4.Nxd4 Nc6 5.Nc3 Qc7 6.Be3 Nf6 7.Bd3 a6 8.O-O Be7
9.Kh1 h5 10.f4 Ng4 11.Bg1 b5 12.Nxc6 Qxc6 13.e5 Bb7 14.Be4 Qc7 15.Qf3 Bxe4
16.Nxe4 Rc8 17.c3 g6 18.b4 Nh6 19.a4 O-O 20.axb5 axb5 21.Ra7 Qc6 22.Nc5 Rfd8
23.Qxc6 Rxc6 24.Rd1 Nf5 25.Rdxd7 Rxd7 26.Rxd7 Bxc5 27.bxc5 Kf8 28.Rb7 Ne7
29.Rxb5 Nd5 30.c4 Nxf4 31.Rb6 Rc8 32.Rd6 g5 33.c6 Ng6 34.Bb6 Ne7 35.c7 Kg7
36.Rd7 Nc6 37.Rd8 Ne7 38.h3 h4 39.g4 hxg3 40.Kg2 Kg6 41.Kxg3 f6 42.exf6 Kxf6
43.Kg4 Kg6 44.Rxc8 Nxc8 45.Be3  1-0

[Event "Masters KO"]
[Site "Villa Martelli ARG"]
[Date "2002.04.13"]
[Round "1.2"]
[White "Ricardi,P"]
[Black "Filgueira,H"]
[Result "1-0"]
[WhiteElo "2544"]
[BlackElo "2371"]

1.e4 c5 2.Nf3 e6 3.d4 cxd4 4.Nxd4 Nc6 5.Nc3 Qc7 6.g3 a6 7.Bg2 Nf6 8.O-O Bc5
9.Bf4 e5 10.Nb3 exf4 11.Nxc5 fxg3 12.hxg3 d6 13.Nd3 h5 14.Nd5 Nxd5 15.exd5 Ne7
16.Re1 Kf8 17.c4 h4 18.Rc1 hxg3 19.fxg3 Bf5 20.Nf2 Rd8 21.b4 Rh6 22.Qd4 Bc8
23.Ne4 Bf5 24.Ng5 f6 25.Nf3 Rg6 26.Qf2 Bc8 27.Nd4 Rg5 28.Re6 Ng6 29.Rxf6+ Kg8
30.Ne6 Bxe6 31.Rxe6 Nf8 32.Re4 a5 33.a3 axb4 34.axb4 Nh7 35.Bh3 Rf8 36.Rf4 Rxf4
37.Qxf4 Qe7 38.Be6+ Kh8 39.c5 Qf6 40.Qxf6 Nxf6  1-0

[Event "10th Hotel Opatija GM"]
[Site "Kastav CRO"]
[Date "2002.04.14"]
[Round "6"]
[White "Fontaine,R"]
[Black "Fercec,N"]
[Result "1-0"]
[WhiteElo "2469"]
[BlackElo "2438"]

1.e4 c5 2.Nc3 Nc6 3.Nge2 e6 4.d4 cxd4 5.Nxd4 Nf6 6.Ndb5 d6 7.Bf4 e5 8.Bg5 a6
9.Na3 Be6 10.Nc4 Rc8 11.Bxf6 gxf6 12.Ne3 Bh6 13.Ng4 Bg7 14.Bd3 Nb4 15.Ne3 Bh6
16.Ned5 Nxd3+ 17.Qxd3 Rg8 18.O-O Kf8 19.g3 Kg7 20.f4 Kh8 21.Kh1 exf4 22.gxf4 Bg4
23.f5 Rg5 24.Rg1 Qg8 25.h3 Rh5 26.Nxf6  1-0

[Event "10th Hotel Opatija GM"]
[Site "Kastav CRO"]
[Date "2002.04.14"]
[Round "7"]
[White "Fercec,N"]
[Black "Ribli,Z"]
[Result "1/2-1/2"]
[WhiteElo "2438"]
[BlackElo "2558"]

1.e4 c5 2.Nf3 e6 3.d4 cxd4 4.Nxd4 Nc6 5.Nc3 Qc7 6.Be3 a6 7.Bd3 Nf6 8.O-O Bd6
9.f4 Bc5 10.e5 Nxe5 11.fxe5 Qxe5 12.Qf3 Bxd4 13.Rae1 d5 14.Nd1 Bxe3+ 15.Rxe3 Qd6
16.Qe2 Bd7  1/2-1/2

[Event "10th Hotel Opatija GM"]
[Site "Kastav CRO"]
[Date "2002.04.14"]
[Round "7"]
[White "Varga,Zo"]
[Black "Bistric,F"]
[Result "1/2-1/2"]
[WhiteElo "2510"]
[BlackElo "2486"]

1.e4 c5 2.Nf3 e6 3.d4 cxd4 4.Nxd4 Nc6 5.Nc3 Qc7 6.Be3 a6 7.Bd3 b5 8.Nxc6 Qxc6
9.a4 b4 10.Ne2 Bb7 11.Nd4 Qc7 12.Qe2 Nf6 13.Bd2 Bd6 14.Nf3 Ng4 15.h3 Ne5
16.Nxe5 Bxe5 17.Bxb4 Bxb2 18.Rb1 a5 19.Rxb2 axb4 20.Rxb4 Bc6 21.O-O Rxa4
22.Rxa4 Bxa4 23.Bb5 Bxb5 24.Qxb5 O-O 25.Qd3 Rb8 26.Rd1 Rb7 27.g3 h6 28.Kh2 g5
29.Rd2 Qe5 30.Qd4 Qxd4 31.Rxd4 Kf8 32.e5 Ke7 33.h4 Rc7 34.hxg5 hxg5 35.c4 Rc5
36.Re4 d6 37.exd6+ Kxd6 38.g4 Ra5 39.Kg2 Ra2 40.Kg3 Rc2 41.f3 e5 42.c5+ Rxc5
43.Ra4 f6 44.Ra6+ Rc6 45.Ra5 Ke6 46.Kf2 Rb6 47.Ke3 Kd6 48.Kf2 Ke6 49.Ke3 Rb2
50.Ra6+ Ke7 51.Ra7+ Ke6 52.Ra6+ Kf7 53.Ra7+ Kg6 54.Re7 Rb1 55.Kf2 Rh1 56.Ke3 Rh7
57.Re6 Ra7 58.Kf2 Rd7 59.Ke3 Ra7 60.Rb6  1/2-1/2

[Event "Bundesliga 2001-2"]
[Site "Porz GER"]
[Date "2002.04.14"]
[Round "13"]
[White "Luther,T"]
[Black "Lautier,J"]
[Result "1/2-1/2"]
[WhiteElo "2573"]
[BlackElo "2687"]

1.e4 c5 2.Nf3 Nc6 3.d4 cxd4 4.Nxd4 e6 5.Nc3 a6 6.f4 Nxd4 7.Qxd4 Qc7 8.a4 Nf6
9.Be3 d6 10.Be2 Be7 11.O-O O-O 12.Rad1 Nd7 13.Kh1 Re8 14.Bg1 Bf8 15.Bc4 Rb8
16.f5 Ne5 17.Bb3 b5 18.axb5 axb5 19.fxe6 fxe6 20.Ra1 Bd7 21.Nd5 Qd8 22.Ne3 Kh8
23.Bf2 Qc7  1/2-1/2

[Event "chJ-POL b20"]
[Site "Trzebinia POL"]
[Date "2002.04.14"]
[Round "4"]
[White "Tomczak,Raf"]
[Black "Gajewski,G"]
[Result "0-1"]
[WhiteElo "2384"]
[BlackElo "2362"]

1.e4 c5 2.Nf3 e6 3.d4 cxd4 4.Nxd4 Nc6 5.Nc3 Qc7 6.Be2 Nf6 7.O-O a6 8.Kh1 Be7
9.f4 d6 10.Be3 O-O 11.Qe1 Ne8 12.Bf3 Bf6 13.Nxc6 bxc6 14.e5 Be7 15.Qg3 Rb8
16.b3 c5 17.Ne2 g6 18.Rad1 Ng7 19.Bg4 d5 20.h4 h5 21.Bh3 Kh7 22.f5 exf5 23.Rxd5 Bb7
24.Rdd1 Rbd8 25.Rxd8 Rxd8 26.Qf4 Ne6 27.Qg3 Be4 28.Nf4 Qxe5 29.Nxh5 Qxg3
30.Nxg3 Bxc2 31.h5 Bd6 32.hxg6+ fxg6 33.Bf2 Ng5 34.Rc1 Bd3 35.Kg1 f4 36.Nf1 Ne4
37.Bg4 Nxf2 38.Kxf2 Kg7 39.Nd2 Re8 40.Nc4 Be7 41.Nb2 Bh4+ 42.Kg1 Be2 43.Bxe2 Rxe2
44.Nd3 Bg3 45.a4 g5 46.Kf1 Re3 47.Nxc5 g4 48.b4 f3 49.gxf3 gxf3 50.Rd1 Re2
51.Nd3 Kf6 52.b5 axb5 53.axb5 Kf5 54.b6 Ke4 55.b7 Rh2 56.Kg1 Rg2+ 57.Kf1 Ke3
58.Nc5 Rf2+ 59.Kg1 Rg2+ 60.Kf1 Rf2+ 61.Kg1 Ke2 62.Ne4 Rg2+ 63.Kh1 Kxd1 64.Nxg3 Rb2
65.Kg1 Ke1  0-1

[Event "Open"]
[Site "Dubai UAE"]
[Date "2002.04.17"]
[Round "3"]
[White "Shetty,R"]
[Black "Somev,A"]
[Result "1-0"]
[WhiteElo "2335"]
[BlackElo "2101"]

1.e4 c5 2.Nf3 e6 3.Nc3 Nc6 4.d4 cxd4 5.Nxd4 Qc7 6.Be3 a6 7.Bd3 b5 8.O-O Bb7
9.Nb3 d6 10.f4 Nf6 11.Qf3 Be7 12.Rae1 Nb4 13.a3 Nc6 14.Qg3 g6 15.e5 Nh5 16.Qf2 d5
17.Bb6 Qc8 18.f5 gxf5 19.Nxd5 Kf8 20.Bc5 Qd8 21.Nxe7 Nxe7 22.Bd6 Rg8 23.Be4 Bxe4
24.Rxe4 Rg5 25.Rh4 Kg8 26.Qf3 Rc8 27.Rxh5 Ng6 28.Rxg5 Qxg5 29.c3 Rc4 30.Nd4 Qd2
31.Qf2 Qd3 32.Re1 f4 33.Qe2 Rxd4 34.cxd4 Qxd4+ 35.Kh1 Qd5 36.h3 Kg7 37.Rd1 Qb3
38.Bc7 Qg3 39.Bd8 Kh6 40.Rd3 f3 41.Rxf3 Qxe5 42.Qd2+ Kh5 43.g4+  1-0

[Event "XX Open"]
[Site "Metz FRA"]
[Date "2002.04.17"]
[Round "5"]
[White "Nanu,C"]
[Black "Delchev,A"]
[Result "1/2-1/2"]
[WhiteElo "2412"]
[BlackElo "2591"]

1.e4 c5 2.Nf3 e6 3.Nc3 Nc6 4.d4 cxd4 5.Nxd4 Qc7 6.Be2 a6 7.O-O Nf6 8.Be3 Be7
9.Kh1 d6 10.f4 O-O 11.Qe1 Bd7 12.Qg3 Kh8 13.Bd3 Nb4 14.Rac1 b5 15.a3 Nxd3
16.cxd3 Qb8 17.Na2 a5 18.Nc6 Bxc6 19.Rxc6 Qb7 20.Rfc1 Rfc8 21.Rxc8+ Rxc8
22.Qe1 Rxc1 23.Qxc1 h6 24.Qc3 d5 25.e5 b4 26.axb4 axb4 27.Qd2 Nd7 28.Nc1 Qb5
29.Kg1 Nc5 30.Bxc5 Bxc5+ 31.d4 Bb6 32.b3 Qa5 33.Kf2 Qa3  1/2-1/2

[Event "Open"]
[Site "Dubai UAE"]
[Date "2002.04.18"]
[Round "4"]
[White "Mamedov,Rau"]
[Black "Neverov,V"]
[Result "1/2-1/2"]
[WhiteElo "2356"]
[BlackElo "2578"]

1.e4 c5 2.Nf3 e6 3.d4 cxd4 4.Nxd4 Nc6 5.Nc3 Qc7 6.Be3 a6 7.Bd3 Nf6 8.O-O Nxd4
9.Bxd4 Bc5 10.Bxc5 Qxc5 11.Kh1 b5 12.a3 Bb7 13.f4 d6 14.Qe1 O-O 15.Qh4 Rfe8
16.Rf3 Qh5 17.Qf2 Ng4 18.Qg3 f5 19.Rff1 d5 20.Be2 d4 21.Bxg4 Qxg4 22.Qxg4 fxg4
23.Ne2 e5 24.fxe5 Rxe5 25.Nxd4 Rxe4 26.c3 Rae8 27.Kg1 h5 28.g3 Bd5 29.Kf2 Rf8+
30.Kg1 Rfe8 31.Kf2 Bc4 32.Rfe1 Rf8+ 33.Kg1 Rxe1+ 34.Rxe1 Kh7 35.Kg2 g5 36.b3 Bd5+
37.Kg1 Kg6 38.Re5 Bb7 39.Re7 Rf7 40.Rxf7 Kxf7 41.Kf2 Bd5 42.Ke3 Kf6 43.Kd3 Ke5
44.c4 bxc4+ 45.bxc4 Bg2 46.Nb3 h4 47.Ke3 Bf1 48.Nd2 Bg2 49.Nb3 Bf1  1/2-1/2

[Event "Open"]
[Site "Dubai UAE"]
[Date "2002.04.18"]
[Round "4"]
[White "Gadjily,R"]
[Black "Nisipeanu,LD"]
[Result "0-1"]
[WhiteElo "2418"]
[BlackElo "2608"]

1.e4 c5 2.Nf3 e6 3.d4 cxd4 4.Nxd4 Nc6 5.Nc3 Qc7 6.Be3 a6 7.Bd3 Nf6 8.O-O Nxd4
9.Bxd4 Bc5 10.Bxc5 Qxc5 11.Kh1 d6 12.f4 e5 13.Qe1 Be6 14.a3 exf4 15.Rxf4 Qe5
16.Rf3 Ng4 17.Rg3 Qc5 18.h3 Ne5 19.b4 Qc7 20.Rxg7 Ng6 21.Qe3 O-O-O 22.Nd5 Bxd5
23.exd5 Rde8 24.Qa7 Qc3 25.Bf5+ Kc7 26.Rxf7+ Re7 27.Rxe7+ Nxe7 28.Rf1 Rf8
29.Bd3 Rxf1+ 30.Bxf1 Qxa3 31.b5 Nc8 32.Qd4 a5 33.Bd3 Nb6 34.Bxh7 a4 35.Kh2 Qc5
36.Qa1 a3 37.Qa2 Nxd5 38.Be4 Ne7 39.Bd3 Kb6 40.Qb3 Nd5 41.c4 Nf4 42.Bb1 Ne2
43.h4 Qg1+ 44.Kh3 Qh1+ 45.Kg4 Qxg2+ 46.Kh5 Nf4+ 47.Kh6 Qf2 48.Qxa3 Qxh4+
49.Kg7 Qe7+ 50.Kg8 Nh5  0-1

[Event "Open"]
[Site "Dubai UAE"]
[Date "2002.04.18"]
[Round "4"]
[White "Odeev,H"]
[Black "Sadatnajafi,M"]
[Result "1/2-1/2"]
[WhiteElo "2474"]
[BlackElo "2225"]

1.e4 c5 2.Nf3 e6 3.d4 cxd4 4.Nxd4 Nc6 5.Nc3 Qc7 6.Be2 a6 7.O-O Nf6 8.Nxc6 bxc6
9.f4 d5 10.e5 Nd7 11.Qe1 Bc5+ 12.Kh1 O-O 13.Na4 Be7 14.Be3 c5 15.c4 d4 16.Bd2 Bb7
17.b3 Rae8 18.Bh5 g6 19.Bg4 f5 20.Bf3 Bxf3 21.Rxf3 Kh8 22.Qe2 g5 23.Rh3 g4
24.Rd3 Qc6 25.Kg1 Qe4 26.Re1 Qc6 27.g3 h5 28.h4 Rb8 29.Qg2 Qc7 30.Rb1 Rfd8
31.Be1 Nf8 32.Rdd1 Ng6 33.Qf1 Qc6 34.Nb2 Kg7 35.Nd3 Re8 36.Qg2 Rec8 37.Rb2 Bf8
38.Re2 Qxg2+ 39.Kxg2 Ne7 40.Rb2 Nc6 41.Kf1 Kf7 42.Ke2 Rb7 43.Bd2 a5 44.Rdb1 Rcb8  1/2-1/2

[Event "chJ-POL b20"]
[Site "Trzebinia POL"]
[Date "2002.04.18"]
[Round "9"]
[White "Mista,A"]
[Black "Gajewski,G"]
[Result "1/2-1/2"]
[WhiteElo "2435"]
[BlackElo "2362"]

1.e4 c5 2.Nf3 Nc6 3.Nc3 e6 4.d4 cxd4 5.Nxd4 Qc7 6.Be3 Nf6 7.Bd3 a6 8.O-O Bd6
9.Nxc6 bxc6 10.f4 e5 11.f5 Be7 12.Qf3 Bb7 13.Na4 d5 14.Bb6 Qb8 15.c4 O-O
16.Kh1 d4 17.c5 a5 18.Qe2 Qc8 19.b3 Ba6 20.Nb2 Bxd3 21.Nxd3 Nd7 22.Rf3 Qa6
23.Rh3 h6 24.Qh5 Rac8 25.Rg3 Bg5 26.Qf3 Rfe8 27.Nb2 Nxb6 28.cxb6 Qxb6 29.f6 g6
30.Nc4 Qd8 31.Rf1 Re6 32.Rxg5 hxg5 33.h4 gxh4 34.Qg4 c5 35.Qxh4 Rcc6 36.Rf3 Rxf6
37.Kh2 Rce6 38.Rh3 Kf8 39.Qg3 Ke7 40.Rh7 Kd7 41.Qg4 Kc7 42.Kg1 Re7 43.Qg5 Rfe6
44.Qd2 Kb8 45.Nxa5 f5 46.exf5 gxf5 47.Qg5 Rd7 48.Qxf5 Qxa5 49.Rh8+ Rd8 50.Rxd8+ Qxd8
51.Qxe6 d3 52.Qxe5+ Ka8 53.Qe4+ Ka7 54.Qh7+ Kb8 55.Qh5 d2 56.Qd1 Qd4+ 57.Kf1 Qe3
58.g4 Kc7 59.g5 Qxg5 60.Ke2 Qg2+ 61.Kd3 Qd5+ 62.Kc2 c4 63.Qxd2 cxb3+ 64.axb3  1/2-1/2

[Event "Alushta-100"]
[Site "Alushta UKR"]
[Date "2002.04.19"]
[Round "?"]
[White "Karjakin,Sergey"]
[Black "Yagupov,I"]
[Result "1-0"]
[WhiteElo "2489"]
[BlackElo "2474"]

1.e4 c5 2.Nf3 e6 3.d4 cxd4 4.Nxd4 Nc6 5.Nc3 Qc7 6.Be2 a6 7.O-O Nf6 8.Be3 Be7
9.f4 d6 10.a4 O-O 11.Kh1 Re8 12.Bg1 Nb4 13.a5 Bd7 14.Bd3 Rac8 15.Qe1 Bc6
16.Qg3 Bf8 17.Nf3 Nd7 18.Qh3 Nc5 19.Bxc5 dxc5 20.Ne5 Rcd8 21.Rf3 Nxd3 22.cxd3 f6
23.Nxc6 bxc6 24.e5 f5 25.g4 Qf7 26.Rg1 Rb8 27.gxf5 exf5 28.Nd1 Rb3 29.Ne3 Rxd3
30.Nxf5 Qd5 31.Nh6+ Kh8 32.Nf7+ Kg8 33.Ng5 h6 34.Qf5 hxg5 35.Qxd3 gxf4 36.Qxd5+ cxd5
37.Rxf4 Rxe5 38.Rf6 c4 39.Rxa6 Bc5 40.Rd1 d4 41.Rc6 c3 42.bxc3 dxc3 43.a6 Kh7
44.Rc1 Rg5 45.h4 Rh5 46.Rxc3 Be7 47.Kg2 Ra5 48.h5 Bf6 49.R3c5 Ra3 50.Rd5 Ra4
51.Rd7 Bd4 52.h6 Rb4 53.hxg7  1-0

[Event "Alushta-100"]
[Site "Alushta UKR"]
[Date "2002.04.19"]
[Round "?"]
[White "Yagupov,I"]
[Black "Shtyrenkov,V"]
[Result "1/2-1/2"]
[WhiteElo "2474"]
[BlackElo "2474"]

1.e4 c5 2.Nf3 e6 3.Nc3 Nc6 4.d4 cxd4 5.Nxd4 Nf6 6.Nxc6 bxc6 7.e5 Nd5 8.Ne4 Qc7
9.f4 Qb6 10.c4 Bb4+ 11.Ke2 f5 12.Nf2 Ba6 13.Kf3 Ne7 14.Be3 Bc5 15.Bxc5 Qxc5
16.Qd6 Qb6 17.b3 c5 18.Rd1 Bb7+ 19.Ke3 Qxd6 20.exd6 Ng6 21.Nd3 Rc8 22.h4 O-O
23.h5 Nh8 24.Ne5 Nf7 25.Nxd7 Rfd8 26.Ne5 Nxd6 27.h6 g6 28.Rh2 Nf7 29.Rxd8+ Rxd8
30.Nd3 Rc8 31.Be2 a5 32.Bf3 Bxf3 33.gxf3 Kf8 34.Kd2 Ke7 35.Kc3 Kf6 36.a3 g5
37.b4 cxb4+ 38.axb4 axb4+ 39.Kxb4 gxf4 40.c5 Ne5 41.Nxe5 Kxe5 42.Rd2 Kf6
43.Rd6 Ke7 44.Rb6 e5 45.Kc4 Rd8 46.Rb7+ Kf6 47.Rxh7 Kg6 48.Re7 e4 49.fxe4 Kf6
50.Rg7 fxe4 51.Rg1 f3 52.c6 Ke5 53.Rg7 Rf8 54.h7 f2 55.Rf7 Rh8 56.Rxf2  1/2-1/2